000 00476nam a2200169Ia 4500
008 231221s9999 xx 000 0 und d
020 _a9790000000000
041 _aEnglish
082 _a621.38481 SMI;1
100 _aSmith, Steven W.
245 0 _aDigital signal processing : a practical guide for engineers and scientists
260 _c2003
_bElsevier
_aNew Delhi
300 _axiv, 650
300 _cPU2566
650 _aDigital,processing,scientists
942 _cCD
999 _c230527
_d230527